Geography by Letter on the Map of Asia - A - Statistics

General Stats
  • This quiz has been taken 10,471 times
  • The average score is 11 of 20
Answers on the Map
Answers color-coded by a green-red scale on the quiz's map according to % correct below.
 
Answer Stats
Answer % Correct
Afghanistan
95%
Azerbaijan
93%
Arabian Sea
92%
Ankara
88%
Abu Dhabi
86%
Anatolia
75%
Aegean Sea
70%
Arctic Ocean
67%
Gulf of Aden
66%
Ashgabat
62%
Astana
60%
Ahmedabad
51%
Andaman Islands
50%
Amur
45%
Mount Ararat
41%
Aral Sea
35%
Altai Mountains
15%
Arafura Sea
15%
Amu Darya
14%
Annamite Range
4%
No matching quizzes found
Score Distribution
Percent of People with Each Score
Percentile by Number Answered
Your Score History
You have not taken this quiz